| 000 | 00544nam a22001937a 4500 | ||
|---|---|---|---|
| 005 | 20250421123036.0 | ||
| 008 | 250421b |||||||| |||| 00| 0 eng d | ||
| 040 | _aMAIN | ||
| 041 | _aEnglish | ||
| 100 |
_aPerry T.John _925638 |
||
| 245 | _aSome Predicators of Enterpreneurship Atricle Impact | ||
| 250 | _aLos Angeles | ||
| 260 |
_aSAGE _bLos Angeles,London _c2016 |
||
| 300 | _a43-69 | ||
| 440 |
_aThe Journal of Entrepreneurship _925637 |
||
| 650 | _aManagement | ||
| 700 |
_aHanke H _aN Gaylen _aMarkova Gergana _925639 |
||
| 942 | _cAI | ||
| 999 |
_c59716 _d59716 |
||